Biology of microorganisms
Αποθηκεύτηκε σε:
| Κύριος συγγραφέας: | |
|---|---|
| Άλλοι συγγραφείς: | , |
| Μορφή: | Βιβλίο |
| Γλώσσα: | English |
| Δημοσίευση: |
London :
Prentice-Hall,
1984
|
| Έκδοση: | 4th ed. |
| Θέματα: | |
| Ετικέτες: |
Προσθήκη ετικέτας
Δεν υπάρχουν, Καταχωρήστε ετικέτα πρώτοι!
|
MARC
| LEADER | 00000nam a2200000 i 4500 | ||
|---|---|---|---|
| 001 | 1/75214 | ||
| 008 | 950216s1984 eng d | ||
| 020 | |a 0-13-078338-2 | ||
| 035 | |l 10003706 | ||
| 040 | |a GR-MY-UA |b gre |e aacr | ||
| 041 | 0 | |a eng | |
| 082 | 0 | |a 576 | |
| 100 | 1 | |a Brock, Thomas D. | |
| 245 | 1 | 0 | |a Biology of microorganisms / |c Thomas D. Brock; David W. Smith; Michael T. Madigan |
| 250 | |a 4th ed. | ||
| 260 | |a London : |b Prentice-Hall, |c 1984 | ||
| 300 | |a xvi, 847 σ., [8] φύλλα πινάκων; |b εικ.; |c 24 εκ. | ||
| 504 | |a Περιέχει βιβλιογραφικές παραπομπές και ευρετήριο | ||
| 650 | 0 | 0 | |a Microbiology. |
| 700 | 1 | |a Smith, David Woodruff |d 1944- | |
| 700 | 1 | |a Madigan, Michael T. |d 1949- | |
| 852 | |a INST |b LESVOS |e 19950216 |h 576 BRO |p 005100002943 |q 005100002943 |t BK |y 0 | ||
| 909 | |a Λ |b 03855 | ||